000 00749nam a2200229 i 4500
001 14756
003 ES-MaACL
005 20251009181316.0
007 t|
008 990601s1945 sp ||||1| spa d
080 _a32
100 1 _aAlfonso de Lancina, Juan.
_919862
245 1 0 _aComentarios políticos /
_cJuan Alfonso de Lancina ; prólogo y selección de José Antonio Maravall.
260 _aMadrid :
_bEdiciones Fe,
_c1945.
300 _a248 p. ;
_c17 cm.
490 1 _aBreviarios del pensamiento español
650 7 _aPolítica
_2embne
_9140345
700 1 _aMaravall, José Antonio,
_d1911-1986
_976329
830 0 _aBreviarios del pensamiento español
_9180739
852 _aES-MaACL
_jL-21957
_bR.116381
999 _c14756
_d14756